000 00685cam a2200265 a 4500
001 4816969
005 20180815051203.0
008 890811s1990 paua b 001 0 eng c
010 _a 89013092
020 _a0397509146 (set)
020 _a039750912X (v. 1)
020 _a0397509138 (v. 2)
020 _z039750912X (cover)
040 _aDGPO/DLC
_cDLC
_dDLC
041 _aeng
060 _aWS 270 P371
080 _a617.3
082 0 0 _a617.3
_220
100 _a8
101 _aPED
245 1 0 _aLovell and Winter's pediatric orthopaedics.
504 _aIncludes bibliographical references.
906 _a7
_bcbc
_corignew
_d1
_eocip
_f19
_gy-gencatlg
942 _2ddc
_cBK
999 _c47182
_d47182